000
00304nam a22001337a 4500
008
170907b xxu||||| |||| 00| 0 eng d
020
_a
007028301-X
041
_a
eng
080
_2
4TH
_a
72
100
_a
41
101
_a
ARK
245
_a
ARCHITECTURE: DRAFTIN AND DESIGN
_c
HEPLER,D.E
942
_2
udc
_c
BK
999
_c
26506
_d
26506